000 00511nmm a2200169Ia 4500
008 251105s9999||||xx |||||||||||||||||und||
020 _a9789587385212
041 _aspa
100 _aSánchez-Sánchez, Hernando
245 0 _aCódigo de Derecho Internacional Público: Tomo I
264 _a[Bogotá, Colombia] :
_bUniversidad del Rosario,
_c2014
300 _a555 páginas
490 _aTextos de Jurisprudencia
650 _aLaw
856 _uhttps://public.digitaliapublishing.com/a/60963
942 _cCF
999 _c95801
_d95801